| Поле | Название | Значение |
| |
Тип записи |
a |
| |
Библиографический уровень |
a |
| 001 |
Контрольный номер |
RU/CBS_UL/BASE/73694b440d634a2aa53ed0dd003ceb9c |
| 005 |
Дата корректировки |
20240710111146.5 |
| 100 |
Данные общей обработки |
__ |
| a |
Данные общей обработки |
20240710 ||| 0rusy0189 ca |
| 101 |
Язык документа |
0_ |
| a |
Язык текста |
rus |
| 102 |
Страна публикации |
__ |
| a |
Страна публикации |
RU |
| 200 |
Заглавие и сведения об ответственности |
1_ |
| a |
Заглавие |
Елизавета Шашина. Мелодия кремнистого пути |
| e |
Сведения, относящиеся к заглавию |
[о романсе Е. Шашиной на стихи М.Ю. Лермонтова "Выхожу один я на дорогу"] |
| f |
Первые сведения об ответственности |
Е. Пинахина |
| 300 |
Общие примечания |
__ |
| a |
Общие примечания |
16+ |
| 461 |
Уровень набора |
_0 |
| 1 |
|
2000 |
| a |
|
Родина |
| 463 |
Уровень физической единицы |
_0 |
| 1 |
|
2000 |
| a |
|
№ 11 |
| v |
|
С. 86-88 : фот., ил. |
| 1 |
|
2101 |
| d |
|
2023 |
| 1 |
|
001RU/CBS_UL/BASE/aa159a031eed423f9cc0c498f874c03f |
| 600 |
Персоналии |
_1 |
| a |
Персоналии (Фамилия) |
Лермонтов |
| b |
Персоналии (Имя, инициалы) |
М.Ю. |
| 600 |
Персоналии |
_1 |
| a |
Персоналии (Фамилия) |
Шашина |
| b |
Персоналии (Имя, инициалы) |
Е.С. |
| 606 |
Тематические рубрики |
0_ |
| a |
Основная рубрика |
Романс русский, 19 в. |
| 610 |
Ключевые слова |
0_ |
| a |
Ключевые слова |
романсы |
| 610 |
Ключевые слова |
0_ |
| a |
Ключевые слова |
романсы |
| 610 |
Ключевые слова |
0_ |
| a |
Ключевые слова |
поэты |
| 610 |
Ключевые слова |
0_ |
| a |
Ключевые слова |
история песен |
| 610 |
Ключевые слова |
0_ |
| a |
Ключевые слова |
история романсов |
| 610 |
Ключевые слова |
0_ |
| a |
Ключевые слова |
Выхожу один я на дорогу (романсы) |
| 610 |
Ключевые слова |
0_ |
| a |
Ключевые слова |
композиторы |
| 610 |
Ключевые слова |
0_ |
| a |
Ключевые слова |
авторы музыки |
| 610 |
Ключевые слова |
0_ |
| a |
Ключевые слова |
судьбы людей |
| 610 |
Ключевые слова |
0_ |
| a |
Ключевые слова |
литература и история |
| 610 |
Ключевые слова |
0_ |
| a |
Ключевые слова |
история культуры |
| 686 |
Индексы других классификаций |
__ |
| 2 |
Код системы |
rubbk |
| a |
Классификационный индекс |
85.313.04 |
| 700 |
Автор |
_1 |
| a |
Фамилия |
Пинахина |
| b |
Имя (инициалы) |
Е. |
| 801 |
Источник записи |
_0 |
| a |
Страна |
RU |
| b |
Организация |
МБУК ЦБС г. Ульяновска |
| c |
Дата составления |
20240710 |
| g |
Правила каталогизации |
RCR |
| 801 |
Источник записи |
_1 |
| a |
Страна |
RU |
| b |
Организация |
МБУК ЦБС г. Ульяновска |
| c |
Дата составления |
20240710 |
| g |
Правила каталогизации |
RCR |
| 901 |
Тип документа |
__ |
| t |
Тип документа |
b |
| w |
Контрольный № источника |
RU/CBS_UL/BASE/aa159a031eed423f9cc0c498f874c03f |
| 909 |
Создатель записи |
__ |
| a |
Создатель записи |
lib1 |